00506nam a2200169 4500003001100000005001700011008004100028040003900069041000800108082001500116100002100131245008800152260003000240300001000270650003400280650002200314LK-CoMWRAF20240527130844.0240527b2002 |||||||| |||| 00| 0 eng d aLK-CoMWRAFdLK-CoMWRAFeLK-CoMWRAF aeng a303.6bMOH aMohideen, M.I.M. aThe need for power sharing arrangements for the Muslims in the North-East Sri Lanka aColombo:b[Author],c2002 a28 p. aCONFLICT RESOLUTION-Sri Lanka aMuslims-Sri Lanka